Móng trên các loại đất đá

Dựa trên các đặc tính xây dựng của các loại đất đá khác nhau: Đất sét, đất cát, đất lún sụt, đất trương nở..., Đá chưa phong hoá và phong hoá để lựa chọn loại móng thích hợp nhất ở một vị trí xây dựng tài liệu đã cho, cũng như dự đoa...

Volledige beschrijving

Bewaard in:
Bibliografische gegevens
Hoofdauteur: Nguyễn, Uyên
Formaat: Boek
Taal:Undetermined
Gepubliceerd in: Hà Nội Xây dựng 2011
Onderwerpen:
Tags: Voeg label toe
Geen labels, Wees de eerste die dit record labelt!
Thư viện lưu trữ: Trung tâm Học liệu Trường Đại học Cần Thơ
LEADER 01045nam a2200205Ia 4500
001 CTU_168909
008 210402s9999 xx 000 0 und d
020 |c 69000 
082 |a 624.15 
082 |b U527 
100 |a Nguyễn, Uyên 
245 0 |a Móng trên các loại đất đá 
245 0 |c Nguyễn Uyên 
260 |a Hà Nội 
260 |b Xây dựng 
260 |c 2011 
520 |a Dựa trên các đặc tính xây dựng của các loại đất đá khác nhau: Đất sét, đất cát, đất lún sụt, đất trương nở..., Đá chưa phong hoá và phong hoá để lựa chọn loại móng thích hợp nhất ở một vị trí xây dựng tài liệu đã cho, cũng như dự đoán về sự vận hành của một loại móng. 
650 |a Underground engineering,Foundations,Nền móng,Kỹ thuật nền móng 
904 |i Trọng Hiếu 
980 |a Trung tâm Học liệu Trường Đại học Cần Thơ